| 000 | 00800cam a2200169 4500 | ||
|---|---|---|---|
| 001 | WB3831-16 | ||
| 008 | 020823n2002 000 0 eng u | ||
| 035 | _a(Sirsi) u119422 | ||
| 245 | _aToxic mould | ||
| 260 | _c2002 | ||
| 490 |
_aRICS Feature _v 21 August 2002, (2) |
||
| 520 | _aHealth problems related to mould are growing concern to surveyors. Conditions associated with mould include immunological reactions, toxic effects and infectious diseases. Surveying issues include identification, liability, site safety and remediation. RICS is co-sponsoring toxic mould research project, results due early 2003. www.rics.org/ricscms/bin/show?class=Feature&template=/includes/showfeature.html&id=324 | ||
| 590 | _aWB | ||
| 650 | _aTOXIC MOULD | ||
| 690 |
_aHealth and safety _96244 |
||
| 942 | _n0 | ||
| 999 |
_c71001 _d71001 |
||